Arab Countries - Statistics

General Stats
  • This quiz has been taken 25 times
  • The average score is 17 of 22
Answer Stats
Answers % Correct
Egypt
95%
Qatar
95%
Algeria
91%
Saudi Arabia
91%
Yemen
91%
Iraq
86%
Kuwait
86%
Lebanon
86%
Morocco
86%
Syria
86%
UAE
86%
Bahrain
82%
Jordan
82%
Oman
82%
Libya
77%
Somalia
77%
Sudan
77%
Tunisia
77%
Djibouti
59%
Mauritania
59%
Palestine
45%
Comoros
23%
No matching quizzes found
Score Distribution
Percent of People with Each Score
Percentile by Number Answered
Your Score History
You have not taken this quiz